00698nam a2200217Ia 4500003000400000005001700004008004100021040000700062041000800069082002000077100004900097245003400146260003600180365001300216650003000229650002200259906003400281942001200315999001900327952013400346OSt20230529111329.0210423s2002 xx 000 0 und d cAL aeng a307.72 MITR223 aMITTAL (A C);SHARMA (Sanjay Prakash)9115728 aRural poverty and development aJaipurbR B S A Publisherc2002 b500cINR aRural Communities9115729 aSociology9115730 adevelopment ; poverty ; Rural 2ddccBK c173534d173534 001040708MSWaSACPGbSACPGd2002-11-23eSita Book Houseg500.00l0o307.72 MITRpPG020144r2022-08-24 00:00:00w2021-04-26yBK